| 000 | 01275cab a22002415a 4500 | ||
|---|---|---|---|
| 001 | L143376 | ||
| 008 | 080430e20080426xxk f 000 0 eng d | ||
| 035 | _a(Sirsi) u143376 | ||
| 041 | 0 | _aeng | |
| 100 | 1 | _aCunningham, Daniel | |
| 245 | 0 | 0 |
_aFocus _bBristol, Swindon and Bath |
| 260 | _c2008 | ||
| 490 |
_aEstates Gazette _v(0816) 26 April 2008, 107-143(16) |
||
| 520 | _aExamines the plethora of speculative office space due on the Bristol market by 2010, and asks whether oversupply can be avoided. Reports on a major redevelopment in the south of the city, and on hopes that a major retail scheme for Broadmead will raise Bristol's lowly retail rating. Considers whether the economic climate will stymie the growth of the city's industrial market. Questions the timing of Savilles' move into the area's market. Looks at the imminent start of Swindon's regeneration. Examines the unusual amount of development activity taking place in Bath, following the granting last year of planning permission. | ||
| 590 | _aKA | ||
| 651 | 4 |
_aSouth West (England) _y1994- |
|
| 690 | _aPROPERTY-COMMERCIAL PROPERTY-COMMERCIAL PROPERTY MARKET | ||
| 700 | 1 | _aCavanagh, Elaine | |
| 700 | 1 | _aJack, Simon | |
| 700 | 1 | _aClift, Patrick | |
| 700 | 1 | _aClarkson, Melanie | |
| 942 | _n0 | ||
| 999 |
_c80158 _d80158 |
||